| 000 | 00511nam a22001457a 4500 | ||
|---|---|---|---|
| 999 |
_c523033 _d523033 |
||
| 008 | 230626b ||||| |||| 00| 0 eng d | ||
| 100 |
_aShagun and Mishra, Vivek _941988 |
||
| 245 | _aSeed trouble | ||
| 260 | _aDown to Earth | ||
| 300 | _a31(22), Apr-1-15, 2023: p.22-24 | ||
| 520 | _aA increase number of days with extreme temperatures or rain has coursed to decline in quality and size of seeds across India. – Reproduced | ||
| 773 | _aDown to Earth | ||
| 906 | _aAGRICULTURE | ||
| 942 | _cAR | ||